000 00705nam a2200241Ia 4500
003 OSt
005 20220927105255.0
006 a|||||r|||| 00| 0
007 ta
008 220926b |||||||| |||| 00| 0 eng d
020 _a0820481114
024 _a168519
037 _cReference Collections
040 _aRTL
_cRTL
_beng
041 _2eng
_aeng
082 _a"U461.7v, P6"
100 _aZabel Darcy A Ed.
_9371387
245 0 _aArabs in the Americas
_b Interdisciplinary essays on the Arab diaspora
260 _aNew
_bYork Peter Lang Publishing
_c2006
300 _a"ix,236p"
_ccm.
942 _h"U461.7v, P6"
_cCC
999 _c691584
_d691584